[Event "World-ch33-KK4 Kasparov-Karpov +4-4=16"]
[Site "Seville"]
[Date "1987.10.26"]
[Round "6"]
[White "Kasparov, Garry"]
[Black "Karpov, Anatoly"]
[Result "1/2-1/2"]
[WhiteElo "2740"]
[BlackElo "2700"]
[Annotator "Bulletin"]
[PlyCount "55"]
[EventDate "1987.10.12"]
[EventType "match"]
[EventRounds "24"]
[EventCountry "ESP"]
[SourceTitle "MainBase"]
[Source "ChessBase"]
[SourceDate "1999.07.01"]
[SourceVersion "2"]
[SourceVersionDate "1999.07.01"]
[SourceQuality "1"]

1. c4 e5 2. Nc3 Nc6 3. g3 g6 4. Bg2 d6 5. Rb1 Bf5 $6 (5... Be6 $6 6. b4 Qd7 7.
b5 Nd8 8. d4 $1 $16) (5... Bg7) 6. d3 Qd7 7. b4 Bg7 8. b5 Nd8 9. Nd5 $1 {
N; 9.e3 - 12/49} (9. Nf3 Bh3 $13) (9. e4 Bg4 10. f3 Be6 $13) 9... c6 (9... Ne7
10. Bg5 $1 (10. Bh6 O-O $10) 10... Nxd5 11. cxd5 $16) 10. bxc6 bxc6 11. Nc3 $1
(11. Ne3 Be6 12. Nf3 f5 $1 (12... h6 $2 13. d4 $16) (12... Bh3 13. Bxh3 Qxh3
14. g4 $1 $16) 13. Ng5 (13. d4 f4 $1 14. gxf4 exf4 15. Nc2 Bxc4 16. Bxf4 Ne7
$13) 13... Nf6 14. Nxe6 Nxe6 15. O-O (15. Qa4 Rc8) 15... O-O $13) 11... Ne7 12.
Ba3 O-O 13. Nf3 h6 (13... Be6 14. O-O f5 15. Ng5 $16) 14. O-O Be6 15. Qa4 (15.
Ne4 $6 Nc8) 15... f5 16. Nd2 $2 (16. Rb3 $1 $16 Qc7 $8 (16... Nf7 17. Rfb1) 17.
Nd2 Bc8 18. Rc1 $1 Ne6 $2 19. Nd5 $1 cxd5 20. cxd5 Nc5 21. Bxc5 dxc5 22. d6 $18
) 16... Nf7 17. Rb3 Rfb8 18. Rfb1 Rxb3 19. Rxb3 Rc8 (19... Qc7 $5) 20. Qa6 Nd8
21. Bb4 $6 (21. Bb2 $14 {/\ Na4, Bc3-a5} d5 $6 22. Na4 $16 {>< c5}) 21... Rb8
22. Na4 (22. Ba5 Rxb3 23. axb3 Qb7) 22... Kf7 $1 (22... c5 23. Bxc5 $5 (23. Bc3
$10) 23... Rxb3 24. Nxb3 dxc5 25. Naxc5 Qc8 26. Qd6 $5 (26. Qxa7 Nec6 27. Qb6
$13) 26... Kf7 27. Bd5 (27. Na5 $2 e4 $1 28. dxe4 Bf8 $17) 27... Bxd5 28. cxd5
Ke8 $1 $8 (28... Bf6 $2 29. Nd7 $16) 29. Na6 Nb7 30. Qb4 Bf8 (30... Nxd5 $2 31.
Qb5+ Qd7 32. Qxd5 $1) 31. e4 $44) 23. Bc3 Rxb3 24. axb3 Qc7 (24... Qb7 $6 25.
Qa5 $14) 25. e3 (25. Nb2 Bc8 26. Qa1 Ne6 $13) 25... Bc8 26. Qa5 Qxa5 27. Bxa5
Ne6 (27... Nb7 $6 28. Bc3 {/\ f4+/=}) 28. Bb4 (28. Bb4 c5 29. Bc3 Bd7 $10) (28.
f4 exf4 29. gxf4 g5 $1 $13) 1/2-1/2

[Event "Manresa op"]
[Site "Manresa"]
[Date "1995.??.??"]
[Round "7"]
[White "Marin, Mihail"]
[Black "Gual Pascual, Antonio"]
[Result "1-0"]
[WhiteElo "2520"]
[BlackElo "2350"]
[Annotator "Bulletin"]
[PlyCount "129"]
[EventDate "1995.??.??"]
[EventType "swiss"]
[EventRounds "9"]
[EventCountry "ESP"]
[SourceTitle "EXT 1998"]
[Source "ChessBase"]
[SourceDate "1997.11.17"]
[SourceVersion "1"]
[SourceVersionDate "1997.11.17"]
[SourceQuality "1"]

1. c4 e5 2. g3 Nc6 3. Nc3 g6 4. Bg2 Bg7 5. e3 d6 6. Nge2 h5 7. h3 h4 8. g4 f5
9. gxf5 Bxf5 10. d4 $6 (10. Ne4) 10... exd4 11. exd4 Qd7 12. Be3 Nf6 13. Qb3
Rb8 (13... Nd8 14. d5 Rb8 15. Nd4 $14) 14. O-O-O a6 $6 (14... O-O $1) 15. c5 $1
$14 b5 (15... Na5 16. Qb4 Nc6 17. Bxc6 Qxc6 18. d5 Qd7 19. c6 Qc8 20. Ba7 $16)
16. Bxc6 Qxc6 17. d5 Qd7 18. c6 Qc8 19. Nf4 Kf7 20. Rhg1 Bh6 21. Nce2 Re8 22.
Nd4 Bxf4 23. Bxf4 Ne4 $6 (23... Re4 24. Bg5 $14 Re5 25. Bxf6 Kxf6 26. f4) 24.
Qf3 b4 25. Rde1 b3 26. a3 a5 27. Re3 a4 (27... Qa6 28. Nxf5 Qc4+ (28... gxf5
29. Qh5+) 29. Rc3 Nxc3 30. Nxd6+ $1 cxd6 31. Be5+ $18) (27... Nf6 28. Rg5) 28.
Rge1 (28. Kd1 $5) 28... Qa6 $5 (28... Nf6 29. Rxe8 Nxe8 30. Bg5 Nf6 31. Bxf6
Kxf6 32. Re6+ $18) 29. Rxe4 Qc4+ 30. Kd2 Rxe4 31. Rxe4 Re8 32. Nxf5 $4 (32. Qe2
$18) 32... Qxe4 (32... Rxe4 33. Nxd6+ cxd6 34. Bh6+ $18) (32... Qc2+ 33. Ke3
Qc1+ 34. Ke2 Qc2+ (34... Qxb2+ 35. Bd2) 35. Kf1 (35. Bd2 Rxe4+) 35... Qxe4 (
35... Rxe4 36. Nxd6+ cxd6 37. Bh6+ $18) 36. Qxe4 Rxe4 37. Bxd6 $1 gxf5 (37...
cxd6 38. Nxd6+) 38. Bxc7 Rd4 39. d6 Ke8 40. d7+ Ke7 41. Ke2 $18) 33. Nh6+ (33.
Qxe4 Rxe4 34. Bxd6 gxf5 35. Bxc7 Rd4+) (33. Nxd6+ cxd6 34. Qxe4 Rxe4 35. Bxd6
$14 Rc4 (35... Rd4+ 36. Ke3 Rxd5 37. c7) 36. Kd3 Rc2 37. Be5 Ke8 (37... Ke7 38.
d6+ Ke6 39. d7 Ke7 40. Bf6+) 38. Bc3 Ke7) 33... Kg7 34. Qxe4 Rxe4 35. Be3 Rc4 (
35... Rxe3 36. fxe3 (36. Nf5+ gxf5 37. Kxe3 Kf6 38. f4 Ke7 39. Kd4 Kd8 40. Kc4
Kc8 41. Kb4 Kb8 42. Kxa4 Ka7 43. Kxb3 Kb6 44. Kb4) (36. Kxe3 Kxh6 37. Kf4 $18)
36... Kxh6 37. e4 Kg7 38. e5 $18) 36. Kd3 Rc2 37. Ng4 Kf8 38. Bd4 Rc1 39. f3
Kf7 40. f4 Rd1+ 41. Ke3 Rg1 42. Ke2 Rc1 43. Nf2 Ke7 44. Ne4 Rc2+ 45. Kf3 Kd8
46. Ng5 Kc8 47. Ne6 Rh2 48. Kg4 Rg2+ 49. Kxh4 Kb8 50. Bf6 Kc8 51. Bd4 Kb8 52.
f5 gxf5 53. Nf4 Rg8 54. Kh5 Rg3 55. Kh4 Rg8 56. Bf6 Rg1 57. Kh5 Rg3 58. h4 Rg1
59. Ne6 Kc8 60. Kh6 Rg4 61. h5 f4 62. Nxf4 Rxf4 63. Kg6 Rf2 64. h6 Rg2+ 65. Bg5
$6 (65. Kh5 Rh2+ 66. Bh4 $18) (65. Bg5 Rxb2 66. h7 Rh2 67. Bh6 Rg2+ 68. Kf6
Rf2+ 69. Kg5 Rg2+ 70. Kf4 Rf2+ 71. Kg3 Rf8 72. Bxf8 b2 73. h8=R b1=Q 74. Bxd6#)
1-0

[Event "FIDE World Cup"]
[Site "Baku"]
[Date "2015.09.19"]
[Round "3.6"]
[White "Nepomniachtchi, Ian"]
[Black "Nakamura, Hikaru"]
[Result "1-0"]
[WhiteElo "2705"]
[BlackElo "2816"]
[Annotator "CB"]
[PlyCount "105"]
[EventDate "2015.09.11"]
[EventType "k.o."]
[EventRounds "7"]
[EventCountry "AZE"]
[SourceTitle "CBM 169"]
[Source "ChessBase"]
[SourceDate "2015.11.10"]
[SourceVersion "1"]
[SourceVersionDate "2015.11.10"]
[SourceQuality "1"]

1. c4 e5 2. Nc3 Nc6 3. g3 Bc5 4. Bg2 d6 5. e3 a6 6. Nge2 Nge7 7. a3 h5 8. h3
Ba7 9. b4 h4 10. g4 f5 11. gxf5 Bxf5 12. Qb3 Qd7 13. Bb2 Rb8 14. O-O-O Bd3 15.
Be4 Bxe4 16. Nxe4 Qf5 17. N2c3 b5 18. cxb5 axb5 19. d3 Kd7 20. Rdg1 g6 21. Rg5
Qe6 22. Qc2 d5 23. Nd2 Rhf8 24. Nd1 Rf5 25. Rg4 Rbf8 26. Rh2 g5 27. Nb3 Kc8 28.
Nc5 Bxc5 29. Qxc5 d4 30. Qxb5 dxe3 31. Qa6+ Kd7 32. fxe3 Rf1 33. Rc4 Nd5 34.
Re2 R8f3 35. b5 Nce7 36. Kd2 Nb6 37. Rc3 Qd5 38. Qa7 Nc4+ 39. Kc2 Nc8 40. Qb8 {
Eine wilde Stellung. Schwarz öffnet nun die d-Line - für den Gegner.} e4 $2
41. Rd2 $18 Rxd1 {Eine Ausrede, die nicht mehr reicht:} (41... Nxd2 {geht
nicht:} 42. Rxc7+ Kd6 43. Rg7+ Kc5 44. Qxc8+ Kb6 45. Qa6+ Kc5 46. Rc7+) 42.
Rxd1 Nxe3+ 43. Kb1 Qd6 44. Rdc1 Nd5 45. Rc6 Qh2 46. R6c2 Qf4 47. dxe4 Qxe4 48.
Ka1 Nce7 49. Qb7 Re3 50. b6 Re1 51. bxc7 Rxc1+ 52. Rxc1 Nc8 53. Rd1 1-0

[Event "Grand Slam Final 4th"]
[Site "Sao Paulo/Bilbao"]
[Date "2011.10.01"]
[Round "5"]
[White "Nakamura, Hikaru"]
[Black "Vallejo Pons, Francisco"]
[Result "1-0"]
[WhiteElo "2753"]
[BlackElo "2716"]
[Annotator "CB"]
[PlyCount "117"]
[EventDate "2011.09.26"]
[EventType "tourn"]
[EventRounds "10"]
[EventCountry "BRA"]
[EventCategory "22"]
[SourceTitle "CBM 145"]
[Source "ChessBase"]
[SourceDate "2011.11.11"]
[SourceVersion "1"]
[SourceVersionDate "2011.11.11"]
[SourceQuality "1"]

1. c4 e5 2. Nc3 Nc6 3. g3 Bc5 4. Bg2 a6 5. e3 d6 6. Nge2 Nge7 7. b3 Ba7 8. Bb2
Rb8 9. d3 Bf5 10. Qd2 Qd7 11. h3 O-O 12. f4 $146 ({Predecessor:} 12. Rc1 h6 13.
Nd5 Nd8 14. d4 c6 15. Ndc3 Qc7 16. O-O Ne6 17. d5 Nc5 18. e4 Bh7 19. b4 Nd7 20.
c5 cxd5 21. exd5 Nf6 22. Na4 Rfd8 23. Rfd1 Be4 24. Bxe4 Nxe4 25. Qe3 Qd7 26.
Qxe4 Qxa4 27. cxd6 Ng6 28. Nc3 Qd7 29. Qg4 Bd4 30. Qxd7 Rxd7 31. Na4 Bxb2 32.
Nxb2 Rxd6 33. Nc4 Rd7 34. Nb6 Rd6 35. Nc4 Rd7 36. Ne3 Ne7 37. Rc2 Rbd8 38. Rcd2
f6 39. Kg2 Kf7 40. Kf3 Rc8 41. Ke4 b5 {Moreno Ruiz,J (2459)-Anton Guijarro,D 
(2302)/Madrid 2010/CBM 135 Extra/1-0 (64)}) 12... Be6 13. d4 Nf5 14. Bxc6 bxc6
15. O-O-O exd4 16. exd4 Ne7 17. g4 f5 18. g5 Bf7 19. Ng3 a5 20. h4 a4 21. Nxa4
Bxc4 22. bxc4 c5 23. Nc3 Rb4 24. Qd3 cxd4 25. Nb5 d5 26. Nxa7 c5 27. cxd5 Qxa7
28. a3 Rb6 29. Qc4 Nc8 $2 ({Black has fought back, temporarily investing two
minor pieces in his queenside attack. He had good chances of holding the
position with} 29... Qb7 30. d6+ Nd5) 30. d6+ Kh8 31. d7 (31. Qxc5 {would have
finished off the opponent more quickly.}) 31... Qxd7 32. Rh2 Qb7 33. Rc2 Rb5
34. Nxf5 Rxf5 35. Rxd4 Rf8 36. Rdd2 Ne7 37. h5 Nf5 38. h6 Rxb2 39. hxg7+ Kxg7
40. Qc3+ Nd4 41. Rxb2 Qd5 42. Qh3 Re8 43. Rb6 Kg8 44. Kb2 Qf7 45. Qh6 Qxf4 46.
Rh2 Re7 47. g6 Qxh6 48. Rxh6 Re2+ 49. Kc3 hxg6 50. Rhxg6+ Kf7 51. Rbf6+ Ke7 52.
Ra6 Ne6 53. a4 Kd7 54. a5 Nc7 55. Ra7 Re7 56. a6 Ke8 57. Rb7 Kf7 58. Rc6 Nd5+
59. Kc4 {A wonderfully tactical game that deserves further analysis.} 1-0

[Event "Lopota FIDE GP (Women)"]
[Site "Lopota"]
[Date "2014.06.24"]
[Round "5"]
[White "Dzagnidze, Nana"]
[Black "Koneru, Humpy"]
[Result "1-0"]
[WhiteElo "2541"]
[BlackElo "2613"]
[Annotator "CB"]
[PlyCount "97"]
[EventDate "2014.06.19"]
[EventType "tourn"]
[EventRounds "11"]
[EventCountry "GEO"]
[EventCategory "11"]
[SourceTitle "CBM 161 Extra"]
[Source "ChessBase"]
[SourceDate "2014.08.29"]
[SourceVersion "1"]
[SourceVersionDate "2014.08.29"]
[SourceQuality "1"]

{Despite Dzagnidze's early slight advantage from the opening it seems it was
the Indian player that was more in tune of the demands of the positoin and she
slowly outplayed her opponent. White's awkward pieces left her struggling for
equality, but she was never much worse. The tables quickly turned when Koneru
blundered a simple combination that netted the Georgian a pawn and the
initiative. From then on Dzagnidze did not look back and she converted the
full point.} 1. c4 e5 2. Nc3 Nc6 3. g3 g6 4. Bg2 Bg7 5. Rb1 a5 6. e3 Nf6 7.
Nge2 O-O 8. d3 d6 9. O-O Be6 10. Nd5 Qd7 11. Nec3 Nd8 12. Bd2 Nxd5 13. cxd5 Bh3
14. Bxh3 Qxh3 15. Qa4 f5 16. Nb5 Nf7 17. f4 Rfc8 18. Rbc1 c6 19. dxc6 bxc6 20.
Nc3 exf4 21. Rxf4 Ne5 22. Nd1 Qh5 23. Bc3 Qe2 24. Qb3+ d5 25. Bxe5 Bxe5 26. Rf2
Qg4 $2 (26... Qe1+ 27. Kg2 Qb4 $11) 27. Rxc6 Rd8 28. d4 Rab8 29. Qd3 Bg7 30.
Rc5 h5 31. Rxa5 Bh6 32. Qe2 Qe4 33. Qf3 Qd3 34. Qe2 Qe4 35. Rc5 Re8 36. Qf3 Qd3
37. Kg2 Re4 38. Rxd5 Rc8 39. Rc5 Rxc5 40. dxc5 Qc4 41. Nc3 Re5 42. Qc6 Kh7 43.
e4 h4 44. exf5 gxf5 45. Qd7+ Bg7 46. c6 Qg4 47. Rf4 h3+ 48. Kf1 Qg6 49. Nd5 1-0

[Event "Buenos Aires"]
[Site "Buenos Aires"]
[Date "1980.??.??"]
[Round "?"]
[White "Giardelli, Sergio Carlos"]
[Black "Balashov, Yuri S"]
[Result "1/2-1/2"]
[WhiteElo "2300"]
[BlackElo "2600"]
[Annotator "Chekhov,V"]
[PlyCount "72"]
[EventDate "1980.10.15"]
[EventType "tourn"]
[EventRounds "13"]
[EventCountry "ARG"]
[EventCategory "13"]
[SourceTitle "MCL"]
[Source "ChessBase"]
[SourceDate "1999.07.01"]
[SourceVersion "1"]
[SourceVersionDate "1999.07.01"]
[SourceQuality "1"]

1. c4 g6 2. Nc3 Bg7 3. g3 e5 4. Bg2 Nc6 5. d3 d6 6. Rb1 Be6 7. b4 Qd7 8. b5 Nd8
9. Bd2 (9. e3 Ne7 10. h4 h6 11. h5 g5 12. e4 f5 13. exf5 Nxf5 14. Nge2 $10 {
Savon,V-Liberzon,V/Venezia/1974/}) 9... Ne7 10. Nd5 (10. e4 O-O 11. Nd5 c6 12.
Nxe7+ Qxe7 13. Ne2 f5 $10 {Meyers,V-Martinovsky,E/Lone Pine/1976/}) 10... O-O
11. e3 a6 12. a4 axb5 13. axb5 Bf5 $5 14. Bc3 (14. e4 $5 Bg4 15. f3 Be6 16. Ne2
) 14... Nxd5 15. cxd5 Ra3 16. Ne2 Bg4 17. Qc1 $5 Ra2 18. Rb2 Rxb2 19. Qxb2 b6 (
19... Bxe2 20. Kxe2 $14) 20. f3 Bh3 21. O-O Bxg2 22. Kxg2 Re8 (22... Nb7 23. d4
$1 exd4 24. Bxd4 Bxd4 25. Nxd4 Re8 26. e4 $14) 23. e4 {/\d4/} (23. Ra1 Nb7 24.
Ra7 Nc5 $13) 23... f5 24. Qb3 Nb7 25. Ra1 Nc5 26. Qc4 g5 $36 27. Bb4 g4 28. Ng1
Rf8 29. Bxc5 bxc5 30. Rf1 f4 $6 (30... h5 $5 31. fxg4 fxg4 32. Rxf8+ Kxf8 {
/\Bh6,Be3,Qf7=/+/}) 31. fxg4 Qxg4 32. Qa2 h5 33. Qe2 Qg6 34. Nf3 {/\Nh4-f5/}
Qg4 (34... Bf6 35. Kh1 $1 fxg3 36. hxg3 $13) 35. Ng1 Qg6 36. Nf3 Qg4 1/2-1/2

[Event "Buenos Aires"]
[Site "Buenos Aires"]
[Date "1980.??.??"]
[Round "?"]
[White "Giardelli, Sergio Carlos"]
[Black "Ljubojevic, Ljubomir"]
[Result "1/2-1/2"]
[WhiteElo "2300"]
[BlackElo "2590"]
[Annotator "Chekhov,V"]
[PlyCount "56"]
[EventDate "1980.10.15"]
[EventType "tourn"]
[EventRounds "13"]
[EventCountry "ARG"]
[EventCategory "13"]
[SourceTitle "MCL"]
[Source "ChessBase"]
[SourceDate "1999.07.01"]
[SourceVersion "1"]
[SourceVersionDate "1999.07.01"]
[SourceQuality "1"]

1. c4 e5 2. Nc3 Nc6 3. g3 d6 4. Bg2 Be6 5. d3 Qd7 6. Rb1 Nge7 (6... a5 $5) (
6... g6 $5) 7. b4 Nd8 $6 (7... d5 8. b5 Nd8 9. Nf3 dxc4 10. dxc4 Qxd1+ 11. Kxd1
f6 12. Nd2 Nf5 13. Bd5 $14 {Portisch,L-Enevoldsen/Amsterdam/1967/}) 8. Qb3 c6
9. b5 Rc8 (9... d5 10. bxc6 bxc6 11. Nf3 f6 12. cxd5 $6 (12. O-O $14) 12...
cxd5 13. d4 e4 14. Nd2 Nf5 $13) 10. bxc6 bxc6 11. Nf3 f6 12. d4 $14 Bf5 (12...
Nf5 13. d5 cxd5 14. cxd5 Bf7 15. e4) 13. Rb2 (13. e4 $5 Bh3 (13... Bg4 14. d5)
14. O-O Bxg2 15. Kxg2 Ne6 16. Rd1 exd4 17. Nxd4 Nc5 18. Qa3 g6 19. Bf4 $16)
13... Ng6 14. dxe5 (14. O-O $5 Be7 15. Rd1 Qc7 16. e4 Bg4 17. d5 {/\Be3,Rdb1/})
14... dxe5 15. O-O Be7 16. Rd1 Qc7 17. Qa4 O-O 18. Be3 (18. e4 $5 Be6 (18...
Bg4 19. h3 Bxf3 20. Bxf3 Ne6 $140 21. Bg4) 19. Be3 Ra8 20. Nd2 {/\Rdb1,Nb3-c5/}
) 18... Ra8 19. Ne1 Bd7 20. Nd3 f5 21. Nc5 (21. Bc5 $1 Ne6 (21... e4 22. Bxe7
Nxe7 23. Nc5) 22. Bxe7 Nxe7 23. Qa3 $14) 21... Be8 22. Na6 (22. Rxd8 Bxd8 23.
Ne6 Qa5 $13) 22... Qc8 23. Qa5 Ne6 24. Nc5 Rf7 (24... f4 25. Nxe6 Qxe6 26. Bc5
$14) 25. Nxe6 Qxe6 26. Nb5 (26. Qa6 $5) 26... Qxc4 27. Rc1 Qg4 (27... Qe6 28.
Nc7 Bd8 29. Nxe6 Bxa5 30. Bxc6 Bxc6 31. Rxc6 $16) 28. Bf3 Qh3 (28... Qh3 29.
Bg2 Qh5 30. Bf3 Qh3 $10) 1/2-1/2

[Event "Buenos Aires"]
[Site "Buenos Aires"]
[Date "1980.??.??"]
[Round "?"]
[White "Giardelli, Sergio Carlos"]
[Black "Karpov, Anatoly"]
[Result "0-1"]
[WhiteElo "2300"]
[BlackElo "2725"]
[Annotator "Chekhov,V"]
[PlyCount "78"]
[EventDate "1980.10.15"]
[EventType "tourn"]
[EventRounds "13"]
[EventCountry "ARG"]
[EventCategory "13"]
[SourceTitle "MCL"]
[Source "ChessBase"]
[SourceDate "1999.07.01"]
[SourceVersion "1"]
[SourceVersionDate "1999.07.01"]
[SourceQuality "1"]

1. c4 e5 2. Nc3 Nc6 3. g3 g6 4. Bg2 Bg7 5. d3 Nge7 6. e3 O-O 7. Nge2 d6 8. O-O
Bd7 (8... Be6 9. Nd5 Rb8 {/\b5,Qd7,Bh3/}) 9. h3 $5 Rb8 10. b3 (10. d4 $5) 10...
Be6 11. Ba3 (11. d4 exd4 12. exd4 d5) 11... Re8 12. d4 exd4 13. exd4 Bc8 (13...
d5 $6 14. Rc1 $1 Qd7 (14... dxc4 15. d5) 15. Nf4 Nxd4 16. cxd5 Bf5 17. g4) (
13... Bd7 14. d5 Ne5 15. f4) 14. d5 $16 Ne5 15. Nd4 $6 (15. f4 $5 Nd7 16. Nd4
Nc5 17. g4 $16) 15... Nf5 $1 16. Nce2 (16. Nxf5 Bxf5 {/\Nc4/}) 16... Nxd4 17.
Nxd4 Nd7 18. Qd2 Nc5 19. Rfe1 Bd7 20. Rad1 $6 (20. b4 Na4 21. c5 Qf6 $13) (20.
Rac1 $5 a6 (20... Qf6 21. Nb5) 21. b4 Na4 22. c5 Qf6 $140 23. Nb3) 20... a6 21.
b4 Rxe1+ 22. Qxe1 Na4 23. c5 Bb5 24. Qe3 Qf6 25. Nxb5 axb5 26. Bf1 $6 (26. Re1
{/\Bc1,Bc2,Bf1/}) 26... Ra8 $1 27. Re1 h5 28. Bxb5 Nc3 29. Bb2 Rxa2 30. Bxc3
Qxc3 31. cxd6 cxd6 32. Be8 (32. Qxc3 Bxc3 33. Re2 (33. Re8+ Kg7 34. Rb8 Bxb4
35. Rxb7 Bc5) 33... Ra1+ 34. Kg2 Bxb4) 32... Qxe3 33. Rxe3 Kf8 $1 $17 (33...
Bd4 $2 34. Rf3) 34. Bb5 Bd4 35. Re8+ Kg7 36. Be2 (36. Re2 Ra1+ 37. Kg2 Rb1)
36... Rb2 37. b5 Bc5 38. Kf1 Rd2 39. f4 b6 $138 (39... b6 40. Re7 (40. Bc4 Rf2+
41. Ke1 Rf3) 40... Rxd5 41. Bc4 Rf5 42. h4 $2 (42. Kg2 h4 $1) (42. Bd3 $5 Rf6
43. h4 Kf8 44. Rb7 d5 45. Rd7 $15) 42... d5 43. Bd3 Rxf4+ 44. gxf4 Bxe7) 0-1

[Event "Vienna op"]
[Site "Vienna"]
[Date "1996.??.??"]
[Round "4"]
[White "Hertneck, Gerald"]
[Black "Komarov, Dimitri"]
[Result "0-1"]
[WhiteElo "2565"]
[BlackElo "2595"]
[Annotator "Chekhov,V"]
[PlyCount "84"]
[EventDate "1996.??.??"]
[EventType "swiss"]
[EventRounds "9"]
[EventCountry "AUT"]
[SourceTitle "CBM 053 Extra"]
[Source "ChessBase"]
[SourceDate "1996.09.01"]
[SourceVersion "1"]
[SourceVersionDate "1996.09.01"]
[SourceQuality "1"]

1. c4 e5 2. g3 Nf6 3. Bg2 Nc6 4. Nc3 Bc5 5. e3 O-O (5... d6 $5 6. Nge2 a6 7. a3
Ba7 8. b4 Bf5 9. d3 Qd7 10. h3 O-O 11. Bb2 Rfe8 12. g4 Bg6 13. Ng3 h6 14. O-O
Rab8 15. Rc1 Ne7 16. Kh2 c6 $14 {Tukmakov,V-Polak,T/Bern/1996/1|0/34/}) 6. Nge2
Re8 (6... d6 7. O-O Bb6 8. d3 Be6 9. Nd5 Bxd5 10. cxd5 Ne7 11. Nc3 c6 12. dxc6
Nxc6 13. Qb3 Na5 14. Qa3 d5 15. Na4 Nc6 16. Bd2 $36 {Chernin,A-Anand,V/Paris/
1995/0,5/35/}) 7. d3 d6 8. O-O a6 9. a3 Ba7 10. b4 Ne7 11. d4 $6 (11. Bb2 c6
12. Ne4 $22 Nxe4 13. dxe4 Be6 14. Qc2 Qc7 15. Rad1 Red8 16. Rd3 $14) 11... c6
12. Bb2 Be6 $1 13. d5 (13. Qd3 b5 14. cxb5 axb5 $132) (13. c5 exd4 14. exd4
dxc5 15. dxc5 Bc4 $132) 13... cxd5 14. cxd5 Bf5 15. h3 Rc8 (15... h5 $5) 16. g4
Bg6 17. Ng3 h6 18. Rc1 Qd7 19. Re1 (19. Qa4 $2 Qxa4 20. Nxa4 Nexd5 21. Rxc8
Rxc8 22. Rd1 e4 23. Nxe4 $2 (23. Bxf6 Nxf6 24. Rxd6 Rc1+ 25. Kh2 Ra1 $36) 23...
Bxe4 24. Bxe4 Nxe4 25. Rxd5 b5 $19) 19... Bh7 20. Bf1 Rc7 21. a4 Rec8 22. a5
Ng6 23. Nf5 Ne7 24. Nxe7+ (24. Ng3 $5) 24... Qxe7 25. Qb3 h5 26. b5 axb5 27.
Nxb5 Rxc1 28. Rxc1 Rxc1 29. Bxc1 Bc5 30. gxh5 Ne4 $1 (30... Nxh5 31. Ba3 Qg5+
32. Kh2 Qf5 33. Kg1 Qg5+ $10) 31. Bg2 Qh4 32. Qb2 Ng5 33. Nc3 Bf5 $17 34. Kf1 (
34. Qxb7 Nxh3+ 35. Bxh3 Bxh3 36. Qb8+ Kh7 37. Qb1+ f5 $19) 34... Nxh3 35. Nd1
Qxh5 36. Ke1 Bd3 $19 37. f3 Qh4+ 38. Kd2 Ba6 39. Kc2 Nf2 40. Nxf2 Qxf2+ 41. Kb3
Bxe3 42. Qxf2 Bxf2 0-1

[Event "St Petersburg zt"]
[Site "St Petersburg"]
[Date "1993.??.??"]
[Round "5"]
[White "Tiviakov, Sergei"]
[Black "Gleizerov, Evgeny"]
[Result "1-0"]
[WhiteElo "2575"]
[BlackElo "2550"]
[Annotator "Chekhov,V"]
[PlyCount "57"]
[EventDate "1993.01.??"]
[EventType "swiss"]
[EventRounds "9"]
[EventCountry "RUS"]
[SourceTitle "CBM 034"]
[Source "ChessBase"]
[SourceDate "1993.06.01"]
[SourceVersion "1"]
[SourceVersionDate "1993.06.01"]
[SourceQuality "1"]

1. c4 e5 2. Nc3 Nc6 3. g3 g6 4. Bg2 Bg7 5. Rb1 Nf6 (5... a5) (5... f5) 6. b4
O-O 7. d3 (7. b5 Ne7 8. Nf3 d5 9. cxd5 Nexd5 10. Bb2 Re8 $10 {Taimanov-Gulko,B/
Vilnius/1975/}) 7... Ne7 (7... Re8 8. e4 a6 9. Nge2 b5 10. O-O d6 11. Nd5 Ne7
12. Bg5 Nfxd5 13. cxd5 Bg4 14. h3 Bd7 15. Qd2 Qc8 16. Kh2 c6 $10 {Adorjan,
A-Romanishin,O/Riga/1981/}) 8. e4 d6 (8... c6 $5 9. Qb3 d6 10. Nge2 Be6 11. Bg5
Nd7 $10 {Damjanovic-Udovcic/Zagreb/1965/}) 9. Nge2 Nh5 (9... c6 10. f4 Nh5 11.
O-O Bg4 $10) 10. O-O f5 11. exf5 gxf5 12. Bg5 $1 $14 Nf6 13. d4 $1 c6 (13...
Rb8 14. dxe5 dxe5 15. Qa4 a6 16. Rfd1 $16) 14. dxe5 dxe5 15. b5 Qc7 $2 (15...
Be6 16. bxc6 bxc6 (16... Qxd1 17. Rfxd1 bxc6 18. Rb7 $16) 17. Qa4 Qc7 18. Qa6
$16) 16. bxc6 bxc6 17. Nb5 cxb5 (17... Qd8 18. Qxd8 Rxd8 19. Nc7 $18) (17...
Qa5 18. Qd6 Rf7 19. Nc7 $18) 18. Bxa8 bxc4 19. Nc3 $18 Rd8 20. Qa4 Bd7 21. Qa3
Rxa8 22. Qxe7 Re8 23. Qb4 Be6 24. Rfd1 Rc8 25. Qd6 Qf7 26. Qa6 Qe7 27. Bxf6
Bxf6 28. Nd5 Bxd5 29. Qxc8+ 1-0

[Event "YUG-ch38"]
[Site "Herceg Novi"]
[Date "1983.??.??"]
[Round "?"]
[White "Ivkov, Borislav"]
[Black "Nikolic, Predrag"]
[Result "0-1"]
[WhiteElo "2475"]
[BlackElo "2490"]
[Annotator "ChessBase"]
[PlyCount "56"]
[EventDate "1983.02.??"]
[EventType "tourn"]
[EventRounds "17"]
[EventCountry "YUG"]
[EventCategory "9"]
[SourceTitle "EXT 2002"]
[Source "ChessBase"]
[SourceDate "2001.11.25"]
[SourceVersion "1"]
[SourceVersionDate "2001.11.25"]
[SourceQuality "1"]

1. c4 {1)BCM 1983, p.204. 2)Chess Informant 35,p.347.   Results: 1.-2.Rajkovic
and Ivanovic 12/17 3.Kurajica 11,5/17 4.Nikolic,Pr 11/17 5.Cebal 1,5/17 6.-8.
Djuric, Ivkov and Velimirovic 9/17 9.Marjanovic 8,5/18 10.-12. Dizdar,Hresc
and Kelecevic 8/17. 13.-14.Arapovic and Lalic 7/17 15.-16.Barlov and Barle 6,5/
17 17.Sifrer 5/17 18. Paunovic,D 4,5/17.} e5 2. Nc3 Nc6 3. g3 g6 4. Bg2 Bg7 5.
Rb1 a5 6. a3 f5 7. b4 axb4 8. axb4 Nf6 9. d3 Qe7 10. b5 Nd8 11. e3 Ne6 12. Nge2
O-O 13. O-O d6 14. Bd2 Nc5 15. Qc2 Qf7 16. Nd5 Be6 17. Nec3 {[#]} e4 18. dxe4 (
18. Nxf6+ Qxf6 19. d4 Nd7 20. Nd5 $11) 18... fxe4 (18... Nfxe4) 19. Nxf6+ Bxf6
20. Nxe4 Nxe4 21. Bxe4 (21. Qxe4 $11) 21... Bxc4 22. Bd3 Bd5 23. e4 Ra2 24. Qd1
Bd4 25. Be3 Bxe3 26. fxe3 Qe7 27. Rxf8+ (27. Rf4 $11) 27... Qxf8 $15 28. Qf1 $2
{[#]} (28. Be2) 28... Qh6 0-1